[Event "Baden-chB"]
[Site "Badenweiler"]
[Date "2009.06.06"]
[Round "6"]
[White "Schirowski, Constantin"]
[Black "Heinrich, Dorian"]
[Result "1-0"]
[WhiteElo "1753"]
[BlackElo "1350"]
[PlyCount "61"]
[EventDate "2009.06.01"]
[EventType "swiss"]
[EventRounds "9"]
[EventCountry "GER"]
[SourceTitle "EXT 2010"]
[Source "ChessBase"]
[SourceDate "2010.11.25"]
[SourceVersion "1"]
[SourceVersionDate "2010.11.25"]
[SourceQuality "1"]

1. d4 d5 2. c4 e6 3. Nf3 Nf6 4. Nc3 b6 5. a3 c5 6. Bf4 Bd6 7. Ne5 0-0 8. Nb5 Ne8 9. cxd5 exd5 10. Nxd6 Nxd6 11. dxc5 bxc5 12. Qxd5 Bb7 13. Qa2 Qf6 14. e3 g5 15. Bg3 Nf5 16. Nf3 Nxg3 17. hxg3 Bxf3 18. gxf3 Nd7 19. Be2 Rab8 20. Rb1 Nb6 21. b3 Qc3+ 22. Kf1 Rfd8 23. Rb2 Rbc8 24. Rc2 Qf6 25. Kg2 a5 26. Rhc1 Qe7 27. Qb2 f6 28. Ba6 Rc7 29. b4 axb4 30. axb4 Ra8 31. bxc5 1-0